Slovensko-ruský hovorník rozviažte si jazyk
Salvato in:
| Natura: | Libro |
|---|---|
| Lingua: | slovacco |
| Pubblicazione: |
Bratislava
Lingea s.r.o.
2008
|
| Soggetti: | |
| Tags: |
Nessun Tag, puoi essere il primo ad aggiungerne!!
|
MARC
| LEADER | 00000nam$a2200000$$$4500 | ||
|---|---|---|---|
| 001 | 0083562 | ||
| 005 | 20240318113236.5 | ||
| 020 | |a 978-80-89323-05-0 | ||
| 041 | 0 | |a slo | |
| 044 | |a SK | ||
| 245 | 1 | 0 | |a Slovensko-ruský hovorník |b rozviažte si jazyk |
| 264 | 1 | |a Bratislava |b Lingea s.r.o. |c 2008 | |
| 300 | |a 399 s. | ||
| 610 | 2 | 0 | |a jazykoveda |
| 610 | 2 | 0 | |a terminológia |
| 610 | 2 | 0 | |a jazyky cudzie |
| 610 | 2 | 0 | |a komunikácia |